| 000 | 01142nam0a2200289 4500 | ||
|---|---|---|---|
| 001 | RU\NLR\bibl\1881612 | ||
| 005 | 20260406105804.0 | ||
| 010 |
_a978-5-699-55191-0 _94000 |
||
| 021 |
_aRU _b2012-14225 _91066 |
||
| 035 | _a(NLR Aleph) 001871377 | ||
| 090 |
_a2666072 _c2666072 |
||
| 100 | _a20120319d2012 |||y0rusy50 ca | ||
| 101 | 0 | _arus | |
| 102 | _aRU | ||
| 105 | _aa ||||||||| | ||
| 200 | 1 |
_aВяжем для девочек 2-5 лет _e[подробные иснструкции и описание моделей, изделия для спиц и крючка, полезные советы] _fЕлена Каминская |
|
| 210 |
_aМосква _cЭксмо _d2012 |
||
| 215 |
_a1 л., слож. в [16] с. _cцв. ил. _d20 |
||
| 606 | 1 |
_aДетская одежда _xВязание _92121907 _3RU\NLR\auth\661584908 |
|
| 686 | _aМ483 | ||
| 700 | 1 |
_4070 _8rus _7ca _aКаминская _bЕ. А. _cпопуляризатор _gЕлена Анатольевна _3RU\NLR\auth\77103371 _986297 |
|
| 801 | 0 |
_aRU _bNLR _c20120319 _gRCR |
|
| 801 | 1 |
_aRU _bNLR _c20120319 |
|
| 942 | _cBOOK | ||
| 980 | _aNB | ||
| 980 | _aNBR | ||